000 00509nam a22001931a 4500
001 2206
003 OSt
005 20260204211804.0
008 040206s2003||||sp ||||||b||||||||||spa||
020 _a8474328500
050 _a370.11 V247e
082 _a370.11 V247e
245 _aLos valores de la educación / Joan Stepheson, Eva Burman y Maxin
264 _aEspaña : Gedisa
300 _a318 p.
500 _aIncluye indice
650 _a1.Valores - Educación 2- Valolres MoralesÌ
942 _2ddc
_cBK
999 _c2206
_d2206